| 000 | 00393nam a2200181Ia 4500 | ||
|---|---|---|---|
| 001 | 9236 | ||
| 005 | 20250626030152.0 | ||
| 008 | 211022s9999 xx 000 0 und d | ||
| 020 | _a0728705044 | ||
| 082 | _a730.924 LAM | ||
| 100 | _aLampert, Catherine | ||
| 245 | 0 | _aRodin | |
| 260 | _aLondon | ||
| 260 | _bArts Council of Great Britain | ||
| 260 | _c1986 | ||
| 300 | _a242 | ||
| 942 | _cBK | ||
| 999 |
_c7945 _d7945 |
||